| 000 | 00983nam a22001937a 4500 | ||
|---|---|---|---|
| 003 | OSt | ||
| 005 | 20251201163620.0 | ||
| 008 | 251109b |||||||| |||| 00| 0 eng d | ||
| 040 | _cDCL | ||
| 082 | _a၂၉၄.၃၈၂၂၅ | ||
| 130 |
_aတိပိဋက။ _pဝိနယပိဋက။ _tပရိဝါရ၊ _lပါဠိတော်၊ _sနိဿယ။ |
||
| 245 |
_aပရိဝါရပါဠိနိဿယ / _cသစ်ဆိမ့်ဆရာတော်။ |
||
| 250 | _aဒုတိယအကြိမ်။ | ||
| 264 |
_aရန်ကုန် ၊ _bဣစ္ဆသယပိဋကတ်ပုံနှိပ်တိုက်၊ _c၁၉၇၆။ |
||
| 300 |
_aထ၊ ၄၅၉ စာမျက်နှာ ၊ _c၂၅ စင်တီ။ |
||
| 650 |
_aပရိဝါရ _vပါဠိတော်နိဿယ။ |
||
| 700 |
_aသစ်ဆိမ့်ဆရာတော် _eမြန်မာပြန်ဆိုသူ |
||
| 942 |
_2ddc _cSHORT TERM _n0 |
||
| 999 |
_c2444 _d2444 |
||